European Russia - Sudden Death - Statistics

General Stats
  • This quiz has been taken 81 times
  • The average score is 7 of 15
Answers on the Grid
Answers color-coded by a green-red scale on the quiz's grid according to % correct below.
Moscow
Saint Petersburg
Novosibirsk
Yekaterinburg
Nizhny Novgorod
Omsk
Kazan
Chelyabinsk
Samara
Rostov-on-Don
Ufa
Krasnoyarsk
Perm
Voronezh
Volgograd
Krasnodar
Saratov
Tolyatti
Izhevsk
Vladivostok
Ulyanovsk
Irkutsk
Tyumen
Tomsk
Kemerovo
Khabarovsk
Barnaul
Ulan-Ude
Chita
Nizhnevartovsk
 
Answer Stats
Answer % Correct
Moscow
100%
Saint Petersburg
93%
Rostov-on-Don
63%
Volgograd
61%
Nizhny Novgorod
59%
Kazan
52%
Ufa
48%
Perm
46%
Samara
46%
Krasnodar
39%
Voronezh
37%
Saratov
33%
Tolyatti
24%
Izhevsk
22%
Ulyanovsk
20%
No matching quizzes found
Score Distribution
Percent of People with Each Score
Percentile by Number Answered
Your Score History
You have not taken this quiz